00257nam a2200097Ia 4500008004100000100001200041245002700053260002700080300000900107650004300116190216s9999||||xx |||||||||||||| ||und|| aTomswan 0aMastering Turbo Pascal bBpb Publicationsc1987 a450p a"Computer Programming. Programs, Data"